000 00560nam a2200181Ia 4500
005 20250326143511.0
008 250326s9999 xx 000 0 und d
037 _aTextbook
040 _aFMSL
_beng
_cFMSL
041 _aeng
_2eng
084 _aX:89ZB.44 P5
_qFMSL
100 _aFriedman T L
_9748103
245 0 _aWorld is flat : a brief history of the globalized world in the twenty-first century
_cFriedman T L
260 _aLondon
_bLondon, Allen Lane
_c2005
300 _a487p
942 _cTB
_hX:89ZB.44 P5
999 _c1299833
_d1299833